000 00658nam a2200229 a 4500
001 49786
003 BD-RjUL
005 20211209054729.0
008 160822s1963 ny |||| ||| 000 0 eng d
035 _a(BD-RjUL)49906
040 _aBD-RjUL
_beng
_cBD-RjUL
041 _aeng
082 _223
_a320.973
_bOCO 1963
100 1 _aO'cnnell, James A.
_9149240
245 1 0 _aBasisc facts of American government /
_cJames A. O'cnnell,
250 _a1st ed.
260 _aNew York :
_bCollier Books,
_c1963
300 _a63 p.
_c18 cm.
650 _aPolitics and government
_zUnited States
_9125393
650 _aPolitics and government
_9149241
942 _2ddc
_cBK
999 _c49786
_d49786